书目信息 |
| 题名: |
免疫学
|
|
| 作者: | P.M.利迪亚德 ;林慰慈 | |
| 分册: | ||
| 出版信息: | 北京 科学出版社 2001 |
|
| 页数: | 321 | |
| 开本: | 26cm | |
| 丛书名: | ||
| 单 册: | ||
| 中图分类: | Q939.91 | |
| 科图分类: | ||
| 主题词: | 微生物学--应用 | |
| 电子资源: | ||
| ISBN: | 7-03-009397-6 | |
| 000 | 00579nam0 2200193 450 | |
| 001 | 0741144344 | |
| 005 | 20070817112544.34 | |
| 010 | @a7-03-009397-6@d¥45.00 | |
| 100 | @a20070817d km y0chiy0120 ea | |
| 101 | 0 | @achi |
| 200 | 1 | @a免疫学@Amian yi xue@f(英)P.M.利迪亚德等@F(ying)P.M.li di ya de deng@g林慰慈等@Glin wei ci deng |
| 210 | @a北京@c科学出版社@d2001 | |
| 215 | @a321@d26cm | |
| 606 | 0 | @a微生物学@x应用 |
| 690 | @aQ939.91@v3 | |
| 701 | 0 | @aP.M.利迪亚德@AP.M.li di ya de |
| 702 | 0 | @a林慰慈@Alin wei ci |
| 801 | 0 | @aCN@bPFT@c20070817 |
| 905 | @a213230@dQ939.91@en2@f1 | |
| 免疫学/(英)P.M.利迪亚德等/林慰慈等.-北京:科学出版社,2001 |
| 321;26cm |
| ISBN 7-03-009397-6:¥45.00 |
| ● |
| 相关链接 |
|
|
|
|
正题名:免疫学
索取号:Q939.91/n2
 
预约/预借
| 序号 | 登录号 | 条形码 | 馆藏地/架位号 | 状态 | 备注 |
| 1 | 6600322 | 266003228 | 密集书库-生命科学系/ [索取号:Q939.91/n2] | 在馆 | |
| 2 | 6600323 | 266003237 | 密集书库-生命科学系/ [索取号:Q939.91/n2] | 在馆 | |
| 3 | 6600324 | 266003246 | 密集书库-生命科学系/ [索取号:Q939.91/n2] | 在馆 | |
| 4 | 6600325 | 266003255 | 密集书库-生命科学系/ [索取号:Q939.91/n2] | 在馆 |